MDQL
is popping MORE tags! Check the
thread
!
Quizzes
Events
Quiz Creation
Community
Videos
Private Events
Remove Ads
Sign In
Join for FREE
Feedback
Dark Mode
Quiz Categories
Sports
Geography
Music
Movies
Television
Just For Fun
Miscellaneous
History
Literature
Language
Science
Gaming
Entertainment
Religion
Holiday
For Kids
Quiz Lab
Recent
Popular Today
Quiz Kudos Today
Editor Picks
Curator Picks
Quizzes by...
Day
Popularity
Type
Ratings
Length
Year
Community
Subscriptions
Recent Discussions
Orange Saloon
Badges
Playlists
Quests
Create
Leaderboards
Showdown
Live 5
Trivia Bingo
Activity
Puzzle Library
Sporcle Events
Private Events
Virtual Trivia
Globe League
Become a Host
Pub Owners
SporcleCon
Opinionation
Our Games
Videos
Blog
Mobile Apps
Partnerships
Remove Ads and Go Orange
Feedback
Music
Pop Music
The Beatles
Song
Album
Lyrics
Bands
Singers
Artist
Clip
Rock
Rap
Classical
Billboard
Country Music
Kpop
Taylor Swift
Music
Pop Music
The Beatles
Song
Album
Lyrics
Bands
Singers
Artist
Clip
Rock
Rap
Classical
Billboard
Country Music
Kpop
Taylor Swift
Random Quiz
Search Sporcle
×
Quiz Lab
Quiz Lab
Music
Chevelle
Type in answers that appear in a list
Type in answers that appear in a list
Classic
Best Score? Go Orange.
Chevelle - Brainiac Stats
Can you name the Chevelle - Brainiac lyrics?
By
Euphie
6m
182 Questions
100 Plays
100 Plays
100 Plays
Comments
Comments
Give Quiz Kudos
Give Quiz Kudos
-
- Ratings
hide this ad
Replay
Link that replays current quiz
Next Quiz
Link to next quiz in quiz playlist
You Got
0%
They Got
Avg Score
63%
Avg Friend Score
Upgrade to see
Score Distribution
Jump to the score distribution portion of the page
Score
0/182
Timer
06:00
0
Plays Today
% Correct
a
97%
the
97%
a
97%
the
97%
the
97%
the
97%
the
97%
the
97%
the
97%
a
97%
the
97%
the
97%
the
97%
the
97%
I
94%
I
94%
I
94%
I
94%
I
94%
to
88%
to
88%
to
88%
to
88%
to
88%
to
88%
to
88%
to
88%
on
87%
brains.
86%
one
85%
one
85%
one
85%
one
85%
one
85%
one
85%
One.
85%
so
83%
so
83%
so
83%
so
83%
So
83%
so
83%
so
83%
We
81%
this
81%
This
81%
We
81%
we
81%
this
81%
This
81%
We
81%
we
81%
this
81%
for
80%
It
79%
us
77%
of
75%
Time
74%
minute.
72%
like
72%
like
72%
% Correct
he
70%
should
70%
How
67%
How
67%
How
67%
How
67%
How
67%
holds
66%
these
66%
holds
66%
These
66%
these
66%
cell.
64%
save
64%
crawl?
64%
cell.
64%
cell.
64%
save
64%
crawl?
64%
cell.
64%
cell.
64%
save
64%
crawl?
64%
cell.
64%
save
64%
crawl?
64%
Imagine
63%
Imagine
63%
Imagine
63%
Imagine this.
63%
Imagine this.
63%
Imagine this.
63%
know
62%
know
62%
know
62%
men
60%
pentagram,
60%
up
60%
up
60%
up
60%
up
60%
up
60%
Each
59%
him
59%
teach
59%
him
59%
teach
59%
him
59%
him.
59%
teach
59%
him
59%
teach
59%
him
59%
penicillin.
56%
combined
56%
are
56%
combined
56%
combined
56%
combined
56%
'bout
55%
'bout
55%
% Correct
'bout
55%
'bout
55%
proud.
53%
proud.
53%
proud.
53%
proud.
53%
wrist
52%
Should've
51%
Lift
51%
can
51%
Should've
51%
Lift
51%
Should've
51%
Lift
51%
Should've
51%
Lift
51%
as
50%
dries
49%
They're
49%
off
49%
off
49%
head,
47%
brains.
47%
head,
47%
brains.
47%
head,
47%
brains.
47%
head,
47%
pushing
46%
razor.
43%
through
42%
eye
41%
same
41%
sore.
40%
many
40%
days,
39%
charts.
37%
He's
37%
piss,
37%
use
37%
blame
36%
longest
35%
ease
34%
gotten
34%
rules.
34%
useless,
33%
passing
32%
few.
31%
miss
31%
tools.
31%
miss
31%
defines
30%
chainsaw
29%
slurs.
28%
buzz.
28%
Tempting
26%
found?
25%
timing,
25%
sits
24%
Slept
21%
Quiz Playlist
Details
Report
Send in Message
Add To Playlist
Classic:
Type in answers that appear in a list
Last Updated: Feb 16, 2017
Quiz Scoreboard
CHALLENGE
Sign Up to Join the Scoreboard
Show All
Scores
Hide
Comments
May contain spoilers
Recently Published
Image Sorting: Flags VI
by Barbecue
Geography
2m
Find the 'City' Movie
by crazypaving
Movies
60s
Colored Red Africa Blitz
by spor1
Geography
45s
More to Explore
Quiz From the Vault
Featured Blog Post
14 Easter Pick-up Lines to Find Eggs With
hide this ad
You Might Also Like...
Tags
Chevelle
Today's Top Quizzes in Music
Browse Music
hide this ad
Top Contributed Quizzes in Music
1
5X2 Blitz: Bands II
2
5X2 Blitz: The Beatles
3
Taylor Swift All Songs (2024)
4
5X2 Blitz: Billboard
5
5X2 Blitz: Billboard II
6
5X2 Blitz: Album
7
5X2 Blitz: Rock
8
5X2 Blitz: Singers
9
Taylor Swift Logic Puzzle II
10
5X2 Blitz: Lyrics
Explore More
Trending Topics
Crossword
Disney
Harry Potter
Marvel
NBA
Anime
Kpop
Soccer
Country
NFL
Pokémon
Song
WWE
The Office
Puzzle
hide this ad
More By:
Euphie
Quiz
Plays
Rating
Category
Featured
Created
Tamora Pierce - Tortall
766
4.00
Literature
Aug 23, 2011
Pink - I'm not Dead
364
3.75
Music
Aug 13, 2011
Out of Gas
358
4.60
Music
Sep 6, 2011
Modest Mouse
312
3.25
Music
Sep 6, 2011
Delta Dawn
187
4.50
Music
Aug 30, 2011
Go to Creator's Profile
Score Distribution
Quiz Creator Spotlight
Euphie
Follow
Send a Message
Quizzes Created
-
Created Quiz Play Count
-
More By This Creator
Popular Quizzes Today
1
Colored Red Africa Blitz
2
Find the US States - No Outlines Minefield
3
Find the 'City' Movie
4
5x2 Blitz: Bands
5
The Countries of the World
6
Find the US States
7
Find the Countries of Europe - No Outlines Minefield
8
US States
More Music Quizzes
Tracks on Illmatic
Curator's Pick
Trending Quizzes
Colored Red Europe Blitz I
Colored Red Europe Blitz II
Colored Red Africa Blitz II
Colored Red Europe Blitz III
Colored Red Africa Blitz III
Recently Updated
How Do You Spell That?
pecheneg
Godzilla Movies
pecheneg
Grab Bag: 4-10 Letters
pecheneg
2024 March Madness Bracket
pecheneg
Famous TV Couples
Peacemaker
Champions League XIs: Real Madrid
pecheneg
Largest US Cities 1790-2010
pecheneg
Rides in Walt Disney World
pecheneg
Most Oscar Losses (Acting)
pecheneg
Beyoncé Albums
pecheneg
Trending Topics
Anime
Harry Potter
Disney
NBA
Crossword
Marvel
Kpop
Soccer
WWE
NFL
Song
Puzzle
Country
Pokémon
The Office
Your Account Isn't Verified!
In order to create a playlist on Sporcle, you need to verify the email address you used during registration. Go to your
Sporcle Settings
to finish the process.
Report this User
Report this user for behavior that violates our
Community Guidelines
.
Details:
Send Report
Go to the Sporcle.com Mobile Site →
Comments